| Registos Bibliográficos associados ao registo de autoridade |
|
Etiqueta de registo: 00254nam 2200025 450 001 2282750 003 http://id.bnportugal.gov.pt/bib/catbnp/2282750 100 ## $a20260324d1756 m y0pory01030103ba 101 1# $aita$clat 102 ## $aIT 105 ## $ay z 000yy 106 ## $ar 200 1# $a L' Ottavio di M. Minucio Felice$erecato in lingua Italiana, col testo latino a rincontro, e con opportune annotazioni
illustrato$fda D. Marco Poleti C. R. Somasco 210 #9 $aIn Venezia$cpresso Simone Occhi,$d1756 215 ## $axiv, [2], 128 p.$d8º (19 cm) 303 ## $aTexto bilingue, em latim e italiano 307 ## $aTexto impresso a 2 colns. 307 ## $aAssin.: a//8, A-H//8 317 ## $aPert. na pasta anterior: "Ex Bibliotheca Congr. Oratorii Sp. Sancti. E. N. C." (etiqueta)$5PTBN: R. 1677 P. 321 ## $aICCU IT\ICCU\LO1E\016293 620 ## $dVeneza 700 #1 $aMinucio Félix,$bMarco$31727953 702 #1 $aPoleti,$bMarco,$f17---18--$4730$31993246 712 02 $aCongregação do Oratório de São Filipe de Neri.$bCasa do Espírito Santo da Pedreira$c(Lisboa)$4390$3100229 801 #0 $aPT$bBN$gRPC 966 ## $lBN$mFGMON$sR. 1677 P. 971 ## $cpmesqui$d20260324 997 ## $aBIBEOD
|
|
|